Statistics for Famous Rock music albums - By Picture

Click here to take the quiz!

General Stats

  • This quiz has been taken 285 times
  • The average score is 8 of 15

Answer Stats

Answer% Correct
Abbey Road
90%
The Dark Side of the Moon
87%
Nevermind
85%
The Wall
82%
Hotel California
80%
Back in Black
75%
Rumours
64%
A Night at the Opera
58%
The Rise & Fall of Ziggy Stardust & the Spiders from Mars
57%
L. A. Woman
40%
Definitely Maybe
33%
Let it Bleed
33%
Disintegration
19%
Rocket to Russia
15%
Transformer
13%

Score Distribution

Percentile by Number Answered

Percent of People with Each Score

Your Score History

You have not taken this quiz